000 01749nam a2200289 a 4500
001 000038555
003 DO-SdBNP
005 20250221073755.0
008 100205s2011 dr a 000 0 spa d
040 _aDO-SdBNP
_bspa
_cBNPHU
082 _a317.293
_bR426e, 2009-2010
110 1 _aRepública Dominicana
_bSecretaría de Estado de Economía, Planificación y Desarrollo
_bOficina Nacional de Estadística ENHOGAR 2009-2010 :
_964901
245 1 0 _aEncuesta nacional de hogares de propósitos múltiples :
_bsituación de la mujer , la niñez y la adolescencia : informe general /
_cpresentación Pablo Tactuk.
260 _aSanto Domingo :
_bONE :
_bUNICEF,
_c2011.
300 _a271 p. :
_bil. ;
_c28 cm.
505 0 _aIntroducción --
_tAspectos metodológicos
_tCaraterísticas de la vivienda --
_tCaracterísticas de los hogares --
_tCareterísticas básica de la población --
_tMortalidad y Salud infantil --
_tOtros aspectos relacionados con la niñez --
_tTrabajo infantil --
_tFecundidad y salud reproductiva --
_tConocimientos, actitudes y prácticas femeninas frente al VIH / SIDA --
_tPercepción sobre la violencia doméstica --
590 _aInventariado,2018/DG
650 4 _aEncuestas de hogares
_zRepública Dominicana
_y2009-2010
_964902
650 4 _aSalud infantil
_zRepública Dominicana
_y2009-2010
_964903
_vEstadísticas
650 4 _aFecundidad
_zRepública Dominicana
_y2009-2010
_964904
_vEstadísticas
651 4 _aRepública Dominicana
_xPoblación
_y2009-2010
_964905
_vEstadísticas
700 2 _aTactuk, Pablo
_95774
710 1 2 _aRepública Dominicana.
_bOficina Nacional de Estadística
_95775
710 2 _aFondo de las Naciones Unidas para la Infancia
_99270
910 _aValidado. Control de calidad MFF
942 _2ddc
_cLBS1
999 _c38045
_d38045